Chính sách kinh tế của Mỹ đối với khu vực châu Á - Thái Bình Dương kể từ sau chiến tranh lạnh /

Enregistré dans:
Détails bibliographiques
Autres auteurs: Đinh Quý Độ, Lê Bộ Lĩnh, Nguyễn Việt Cường
Format: Sách giấy
Langue:Vietnamese
Publié: Hà Nội : Khoa học Xã hội , 2000
Tags: Ajouter un tag
Pas de tags, Soyez le premier à ajouter un tag!
Thư viện lưu trữ: Thư viện Trường Đại học Đà Lạt
LEADER 00778nam a2200265 4500
001 DLU020018916
005 ##10/19/2001
020 # # |a 978- 
041 # # |a vie 
082 # # |a 337.730 5  |b Chi 
245 # # |a Chính sách kinh tế của Mỹ đối với khu vực châu Á - Thái Bình Dương kể từ sau chiến tranh lạnh /  |c Đinh Quý Độ, Lê Bộ Lĩnh, Nguyễn Việt Cường, ...  
260 # # |a Hà Nội :  |b Khoa học Xã hội ,  |c 2000 
300 # # |a 265 tr.;   |c 21 cm. 
700 # # |a Đinh Quý Độ 
700 # # |a Lê Bộ Lĩnh 
700 # # |a Nguyễn Việt Cường 
992 # # |a 24000 
994 # # |a DLU 
900 # # |a False 
911 # # |a Administrator 
925 # # |a G 
926 # # |a A 
927 # # |a SH 
980 # # |a Thư viện Trường Đại học Đà Lạt